000 00769nam a2200217Ia 4500
003 OSt
005 20260527104624.0
008 210719s1997 xx 000 0 und d
040 _cAL
041 _aTulu
082 _aT894.9 KARN
100 _aKARNATAK TULU SAHITYA AKADEMY
_dಕರ್ನಾಟಕ ತುಳು ಸಾಹಿತ್ಯ ಅಕಾಡೆಮಿ
_9264659
245 _aNarkala marappa shetr.
_bನರ್ಕಳ ಮಾರಪ್ಪ ಶೆಟ್ರು
260 _aMangaluru
_bKarnataka tulu sahitya akademy.
_c1997
300 _a56
_bPB
365 _b12
_cRs
440 _aMadappiyeravandi tuluver- 12
_9264660
650 _aTulu Criticism
_9264661
700 _aM Raghunatha Shetty
_dಎಂ ರಘುನಾಥ ಶೆಟ್ಟಿ
_9264662
942 _2ddc
_cBK
999 _c213669
_d213669